000 00383nam a2200157Ia 4500
008 230917s9999||||xx |||||||||||||| ||und||
040 _e71614
_aMAIN
041 _aEnglish
082 _a579 A16F
100 _aAlcamo, I Edward
245 0 _aFundamentals of microbiology
250 _a6th. ed.
260 _aBoston
_bJones & Bartlett
_c2001
300 _axxii, 832 p.
942 _cBK
999 _c92940
_d92940